Mapuches /

Libro informativo sobre el pueblo mapuche, uno de los ancestros originarios de la población bonaerense. Escrito con un discurso accesible y entretenido, presenta un panorama de gran parte de la vida y la cultura de este pueblo que tanto influyó en la historia y la identidad de nuestro país y nuestra...

Descripción completa

Guardado en:
Autor Principal: Sugobono, Nahuel.
Otros Autores: Huadi; il.
Formato: Libro
Idioma:Undetermined
Publicado: Buenos Aires : La central, 2023.
Edición:1a ed.
Series:Identidades bonaerenses
Huellas en la tierra ; 1
Materias:
Etiquetas: Agregar Etiqueta
Sin Etiquetas, Sea el primero en etiquetar este registro!
LEADER 01570nam a22002895a 4500
001 CEM.cems024867
008 250819s2023####ag############000#0#und#d
005 20250822105133.0
245 1 0 |a Mapuches /  |c Nahuel Sugobono ; ilustrado por Huadi. 
250 |a 1a ed. 
260 |a Buenos Aires :  |b La central,  |c 2023. 
300 |a 48 p. 
490 1 |a Identidades bonaerenses 
490 1 |a Huellas en la tierra ;  |v 1 
500 |a Edición especial de la Dirección de Cultura y Educación de la Provincia de Buenos Aires. 
500 |a Sugerencia de edad: a partir de ciclo básico. 
520 |a Libro informativo sobre el pueblo mapuche, uno de los ancestros originarios de la población bonaerense. Escrito con un discurso accesible y entretenido, presenta un panorama de gran parte de la vida y la cultura de este pueblo que tanto influyó en la historia y la identidad de nuestro país y nuestra provincia. Los mapuches, un pueblo originario fundamental en nuestra historia y nuestra sociedad. En este libro informativo vas a conocer los datos más importantes de su cultura. 
020 |a 9789502333717 
100 1 |a Sugobono, Nahuel. 
700 1 |a Huadi; il. 
653 |a Mapuches 
653 |a Pueblos originarios-Argentina 
653 |a Identidades bonaerenses 
859 |a CEMS  |b BIB. CEMS - Agricultura  |h 572.982  |i Su35  |p A3955.25  |t Ej.1 
859 |a CEMS  |b BIB. CEMS - Ccias. Educacion  |h 572.982  |i Su35  |k CE  |p 30254.25  |t Ej.1 
859 |a CEMS  |b BIB. CEMS - 11 de abril  |h 572.982  |i Su35  |p 30252.25  |t Ej.1 
859 |a CEMS  |b BIB. CEMS - 11 de abril  |h 572.982  |i Su35  |p 30253.25  |t Ej.2